<?xml version="1.0" encoding="UTF-8"?>
<record
    xmlns:xsi="http://www.w3.org/2001/XMLSchema-instance"
    xsi:schemaLocation="http://www.loc.gov/MARC21/slim http://www.loc.gov/standards/marcxml/schema/MARC21slim.xsd"
    xmlns="http://www.loc.gov/MARC21/slim">

  <leader>01250nam a22003017a 4500</leader>
  <controlfield tag="001">113310</controlfield>
  <controlfield tag="003">DR-UNIBE</controlfield>
  <controlfield tag="005">20250313113132.0</controlfield>
  <controlfield tag="008">250310b1996    sp ||||| |||| 00| 0 spa d</controlfield>
  <datafield tag="020" ind1=" " ind2=" ">
    <subfield code="a">8423414272</subfield>
  </datafield>
  <datafield tag="040" ind1=" " ind2=" ">
    <subfield code="a">BIBLIOTECA UNIBE</subfield>
    <subfield code="c">BIBLIOTECA UNIBE</subfield>
    <subfield code="e">rda</subfield>
    <subfield code="b">spa</subfield>
  </datafield>
  <datafield tag="041" ind1=" " ind2=" ">
    <subfield code="a">spa</subfield>
  </datafield>
  <datafield tag="082" ind1=" " ind2=" ">
    <subfield code="2">22</subfield>
    <subfield code="a"> 658.8 C67b</subfield>
  </datafield>
  <datafield tag="100" ind1="1" ind2="0">
    <subfield code="a">Corstjens, Judith</subfield>
    <subfield code="9">192759</subfield>
    <subfield code="e">autor</subfield>
  </datafield>
  <datafield tag="100" ind1="1" ind2="0">
    <subfield code="a">Corstjens, Marcel</subfield>
    <subfield code="9">192760</subfield>
    <subfield code="e">autor</subfield>
  </datafield>
  <datafield tag="245" ind1="1" ind2="3">
    <subfield code="a">La batalla en el punto de venta : </subfield>
    <subfield code="b">t&#xE1;cticas para distribuidores y fabricantes /</subfield>
    <subfield code="c">Judith Corstjens,  Marcel Corstjen</subfield>
  </datafield>
  <datafield tag="246" ind1=" " ind2=" ">
    <subfield code="a">Store Wars</subfield>
  </datafield>
  <datafield tag="260" ind1=" " ind2=" ">
    <subfield code="a"> Bilbao :</subfield>
    <subfield code="b"> Ediciones Deusto,</subfield>
    <subfield code="c">1996</subfield>
  </datafield>
  <datafield tag="300" ind1=" " ind2=" ">
    <subfield code="a"> 340 p&#xE1;ginas :</subfield>
    <subfield code="b">ilustraciones b/n ;</subfield>
    <subfield code="c">24 x 15 cm</subfield>
  </datafield>
  <datafield tag="500" ind1=" " ind2=" ">
    <subfield code="a">Comentario de la obra en la contraportada</subfield>
  </datafield>
  <datafield tag="505" ind1=" " ind2=" ">
    <subfield code="a">Agradecimientos |
Pr&#xF3;logo |
Introducci&#xF3;n |
Parte I. Alcanzar los l&#xED;mites de la orientaci&#xF3;n al mercado |
Parte II. El auge de los minoristas |
Parte III. Marketing matricial |
&#xCD;ndice alfab&#xE9;tico</subfield>
  </datafield>
  <datafield tag="650" ind1="7" ind2="0">
    <subfield code="2">lem</subfield>
    <subfield code="a"> Consumidores </subfield>
    <subfield code="x">Mercadeo  </subfield>
    <subfield code="9">192987</subfield>
  </datafield>
  <datafield tag="650" ind1="7" ind2="0">
    <subfield code="2">lemb</subfield>
    <subfield code="a">Mercadeo</subfield>
  </datafield>
  <datafield tag="650" ind1="7" ind2="0">
    <subfield code="2">lemb</subfield>
    <subfield code="a">Vendedores de cigarrillos</subfield>
    <subfield code="9">192988</subfield>
  </datafield>
  <datafield tag="700" ind1="1" ind2="0">
    <subfield code="a">Aparicio Martin, Rafael</subfield>
    <subfield code="9">116678</subfield>
    <subfield code="e">traductor</subfield>
  </datafield>
  <datafield tag="700" ind1=" " ind2="0">
    <subfield code="a">Ch&#xED;as, Josep</subfield>
    <subfield code="9">78765</subfield>
    <subfield code="e">prologuista</subfield>
  </datafield>
  <datafield tag="942" ind1=" " ind2=" ">
    <subfield code="2">ddc</subfield>
    <subfield code="c">BK</subfield>
  </datafield>
  <datafield tag="999" ind1=" " ind2=" ">
    <subfield code="c">113310</subfield>
    <subfield code="d">113310</subfield>
  </datafield>
  <datafield tag="952" ind1=" " ind2=" ">
    <subfield code="0">0</subfield>
    <subfield code="1">0</subfield>
    <subfield code="2">ddc</subfield>
    <subfield code="7">0</subfield>
    <subfield code="8">GEN</subfield>
    <subfield code="a">Principal</subfield>
    <subfield code="d">2025-03-13</subfield>
    <subfield code="l">0</subfield>
    <subfield code="o">658.8 C67b</subfield>
    <subfield code="p">250129</subfield>
    <subfield code="r">2025-03-10 11:13:22</subfield>
    <subfield code="t">Ej. 1</subfield>
    <subfield code="w">2025-03-10</subfield>
    <subfield code="y">BK</subfield>
  </datafield>
</record>
